Normal view
MARC view
Entry Topical Term
001 - CONTROL NUMBER
- control field: 40860
003 - CONTROL NUMBER IDENTIFIER
- control field: OSt
005 - DATE AND TIME OF LATEST TRANSACTION
- control field: 20230927123017.0
008 - FIXED-LENGTH DATA ELEMENTS
- fixed length control field: 230927|| aca||aabn | a|a d
040 ## - CATALOGING SOURCE
- Original cataloging agency: OSt
- Transcribing agency: OSt
150 ## - HEADING--TOPICAL TERM
- Topical term or geographic name entry element: Political apology, Historical justice, Reconciliation, Reparation, Politics of regret.
670 ## - SOURCE DATA FOUND
- Source citation: Work cat.: (OSt): Chatterjee, Kasturi 40859, Atoning for violent pasts: Assessing the promise and perils of political apologies
